[Event "ROU-chT Women Superliga 2018"]
[Site "Sovata"]
[Date "2018.11.25"]
[Round "1"]
[White "Paehtz, Elisabeth"]
[Black "Raeva, Elitsa"]
[Result "1-0"]
[WhiteElo "2495"]
[BlackElo "2252"]
[Annotator "TA"]
[PlyCount "65"]
[EventDate "2018.11.24"]
[EventType "team-tourn"]
[EventCountry "ROU"]
[SourceTitle "playchess.com"]
[Source "ChessBase"]
[SourceQuality "1"]

{[%evp 18,65,67,69,64,59,44,57,75,58,75,58,131,101,147,148,175,153,197,226,229,213,221,213,216,219,215,212,209,218,845,827,931,927,925,903,2347,2231,29995,29996,29996,29987,29993,29987,29987,29988,29988,29989,29989,2644]} 1. d4 Nf6 2. c4 e6 3. g3 d5 4. Bg2 Nbd7 5. Nf3 Bb4+ 6. Nbd2 O-O 7. O-O {E01: Catalan: Early deviations} c6 (7... b6 8. Qa4 Bd6 9. b4 dxc4 10. Nxc4 Bb7 11. Nxd6 cxd6 12. Bf4 Qb8 13. Rfc1 h6 14. Ne1 e5 15. dxe5 dxe5 {0-1 (23) Xu,J (2501)-Zhou,J (2616) Xinghua 2018}) 8. Qc2 Re8 9. Rd1 Bf8 10. e4 {LiveBook: 3 Games} dxe4 11. Nxe4 Nxe4 12. Qxe4 Qa5 $146 ({Predecessor:} 12... c5 13. dxc5 Qc7 14. b4 a5 15. Bf4 e5 16. a3 axb4 17. axb4 Rxa1 18. Rxa1 {1-0 (26) Repka,C (2487)-Van den Berg,B (2223) Krakow 2017}) 13. Bf4 h6 14. h4 c5 (14... e5 $14) 15. dxc5 Bxc5 16. Ne5 Nf6 17. Qf3 Qb6 18. Rab1 a5 19. Bxh6 {Hoping for Bg5.} Bxf2+ {[#]} 20. Kh1 $1 {Threatens to win with Rf1.} ({Resist} 20. Qxf2 Qxf2+ 21. Kxf2 gxh6) 20... Bd4 {[#]} 21. Qf4 $1 Bxe5 22. Qxe5 gxh6 23. Qxf6 $40 {[%mdl 128] White goes for the king.} Ra6 $2 (23... Qc7 24. Qxh6 Qe5) 24. Qe5 $18 a4 25. c5 Ra5 26. Rbc1 ({Weaker is} 26. cxb6 Rxe5 27. Rd4 Rb5 $14) 26... Qa7 27. Rc4 {Intending Rg4+ and mate.} Rb5 28. Rg4+ {White mates.} Kf8 29. Qd6+ Re7 30. Qd8+ {[%mdl 64] Double Attack} Re8 31. Rg8+ {[%mdl 64] Deflection, Decoy} Kxg8 32. Qxe8+ {[%mdl 64] Double Attack} Kg7 33. Qxb5 {Accuracy: White = 78%, Black = 38%.} (33. Rd8 $142 Rb4 34. Qh8+ Kg6 35. Rg8+ Kf5 36. Qxh6 Ke5 37. Qg5+ Kd4 38. Rd8+ Bd7 39. Rxd7+ {[%mdl 64] Double Attack} Kc4 40. Bf1#) 1-0

[Event "ROU-chT Women Superliga 2018"]
[Site "Sovata"]
[Date "2018.11.25"]
[Round "1"]
[White "Javakhishvili, Lela"]
[Black "Peptan, Corina-Isabela"]
[Result "1/2-1/2"]
[WhiteElo "2477"]
[BlackElo "2378"]
[Annotator "TA"]
[PlyCount "85"]
[EventDate "2018.11.24"]
[EventType "team-tourn"]
[EventCountry "ROU"]
[SourceTitle "playchess.com"]
[Source "ChessBase"]
[SourceQuality "1"]

{[%evp 9,85,20,14,6,6,8,20,6,2,8,8,-24,-10,-25,-19,-18,-10,-16,0,-18,-17,-25,0,0,0,0,0,0,0,0,7,0,0,0,0,0,0,0,0,0,15,0,21,0,0,-5,-7,-6,39,11,20,20,20,20,56,56,56,46,29,21,20,18,28,25,29,28,28,0,14,0,12,0,12,0,12,12,21,0]} 1. d4 Nf6 2. c4 e6 3. g3 c6 4. Bg2 d5 5. Nd2 b6 6. Nh3 $146 {E01: Catalan: Early deviations} ({Predecessor:} 6. Ngf3 Nbd7 7. O-O Bb7 8. b3 Be7 9. Bb2 c5 10. cxd5 Bxd5 {½-½ (10) Itkis,B (2348)-Peptan,C (2434) Eforie Nord 2015}) 6... Ba6 {[%cal Bc8a6,Ba6c4,Bc4d5,Bd5c6][%mdl 32]} 7. b3 Bb4 8. Bb2 dxc4 9. bxc4 Bxc4 10. a3 Bxd2+ 11. Qxd2 Bd5 12. f3 c5 13. dxc5 bxc5 14. Qg5 O-O 15. e4 {[#] And now Bxf6 would win.} Bc6 (15... Bb7 {with more complications.} 16. O-O Nbd7 17. Nf2 h6 18. Qe3 Rb8) 16. Qxc5 Qb6 17. Qxb6 axb6 18. Rc1 Rc8 19. Nf4 Nbd7 20. Nd3 Bb5 21. Rxc8+ Rxc8 22. Nb4 Nc5 23. Kf2 Kf8 24. Rc1 Ke7 25. Ke3 g5 26. Rd1 Nfd7 27. f4 gxf4+ 28. gxf4 Na6 29. Rc1 Rxc1 (29... Rg8 {seems wilder.} 30. Bf3 Nac5 31. Bc3 Rc8 32. Bd4 Ra8) 30. Bxc1 Nxb4 31. axb4 $11 {[%mdl 4096] Endgame KBB-KBN} e5 32. Bh3 f6 33. Bb2 Kd6 34. Bf5 Nf8 35. fxe5+ fxe5 36. Kf3 h5 37. Bc1 Be8 38. Ba3 Ng6 {The position is equal.} 39. Ke3 Nf4 40. Bb2 Bb5 41. Bc3 Be8 42. Bd2 Ng6 43. Bxg6 {Accuracy: White = 39%, Black = 52%.} 1/2-1/2

[Event "ROU-chT Women Superliga 2018"]
[Site "Sovata"]
[Date "2018.11.25"]
[Round "1"]
[White "L'Ami, Alina"]
[Black "Cosman, Andreea-Marioara"]
[Result "1-0"]
[WhiteElo "2285"]
[BlackElo "2176"]
[Annotator "NA"]
[PlyCount "57"]
[EventDate "2018.11.24"]
[EventType "team-tourn"]
[EventCountry "ROU"]
[SourceTitle "playchess.com"]
[Source "ChessBase"]
[SourceQuality "1"]
[TimeControl "40/5400+30:1800+30"]

1. d4 {[%emt 0:00:00]} Nf6 {[%emt 0:00:00]} 2. c4 {[%emt 0:00:00]} c5 {[%emt 0:00:00]} 3. d5 {[%emt 0:00:00]} e6 {[%emt 0:00:00]} 4. Nc3 {[%emt 0:00:00]} exd5 {[%emt 0:00:00]} 5. cxd5 {[%emt 0:00:00]} d6 {[%emt 0:00:00]} 6. e4 {[%emt 0:00:00]} g6 {[%emt 0:00:00]} 7. f4 {[%emt 0:00:07]} Bg7 {[%emt 0:00:04]} 8. Bb5+ {[%emt 0:00:03]} Nfd7 {[%emt 0:00:07]} 9. Nf3 {[%emt 0:00:07]} a6 {[%emt 0:00:13]} 10. Bd3 {[%emt 0:00:06]} b5 {[%emt 0:00:05]} 11. O-O {[%emt 0:00:05]} O-O {[%emt 0:00:04]} 12. Kh1 {[%emt 0:00:02]} Re8 {[%emt 0:02:15]} 13. f5 {[%emt 0:00:07]} Ra7 {[%emt 0:13:28]} 14. Bg5 {[%emt 0:04:18]} Bf6 {[%emt 0:02:05]} 15. h4 {[%emt 0:01:19]} Bxg5 {[%emt 0:02:45]} 16. hxg5 {[%emt 0:02:26]} Ne5 {[%emt 0:00:22]} 17. Nxe5 {[%emt 0:09:31]} Rxe5 {[%emt 0:00:17]} 18. Qd2 {[%emt 0:00:33]} Nd7 {[%emt 0:04:17]} 19. Qf4 {[%emt 0:05:36]} b4 {[%emt 0:06:02]} 20. Ne2 {[%emt 0:02:50]} Nb6 {[%emt 0:05:04]} 21. Rae1 {[%emt 0:13:15]} Qe7 {[%emt 0:14:51]} 22. Qh4 {[%emt 0:05:13]} Bd7 {[%emt 0:07:45]} 23. Nf4 {[%emt 0:11:38]} c4 {[%emt 0:09:14]} 24. Bb1 {[%emt 0:02:30]} Rc7 {[%emt 0:00:09]} 25. g4 {[%emt 0:11:55]} Rc5 {[%emt 0:18:31]} 26. Re2 {[%emt 0:03:59]} Qf8 {[%emt 0:10:42]} 27. Rh2 {[%emt 0:01:11]} h6 {[%emt 0:01:07]} 28. gxh6 {[%emt 0:01:39]} Kh7 {[%emt 0:01:08]} 29. Nxg6 {[%emt 0:03:19]} 1-0

[Event "ROU-chT Women Superliga 2018"]
[Site "Sovata"]
[Date "2018.11.25"]
[Round "1"]
[White "Dragomirescu, Angela"]
[Black "Visanescu, Daria-Ioana"]
[Result "1-0"]
[WhiteElo "2275"]
[BlackElo "2096"]
[Annotator "NA"]
[PlyCount "89"]
[EventDate "2018.11.24"]
[EventType "team-tourn"]
[EventCountry "ROU"]
[SourceTitle "playchess.com"]
[Source "ChessBase"]
[SourceQuality "1"]
[TimeControl "40/5400+30:1800+30"]

1. Nf3 {[%emt 0:00:00]} d5 {[%emt 0:00:00]} 2. c4 {[%emt 0:00:00]} e6 {[%emt 0:00:27]} 3. b3 {[%emt 0:01:21]} Nf6 {[%emt 0:02:10]} 4. Bb2 {[%emt 0:00:41]} b6 {[%emt 0:02:35]} 5. g3 {[%emt 0:03:13]} Bb7 {[%emt 0:01:05]} 6. Bg2 {[%emt 0:00:13]} Nbd7 {[%emt 0:02:41]} 7. O-O {[%emt 0:02:17]} Be7 {[%emt 0:01:11]} 8. cxd5 {[%emt 0:04:28]} Bxd5 {[%emt 0:03:40]} 9. Nc3 {[%emt 0:01:27]} Bb7 {[%emt 0:04:48]} 10. Rc1 {[%emt 0:12:38]} c5 {[%emt 0:03:34]} 11. Qc2 {[%emt 0:08:54]} a6 {[%emt 0:08:49]} 12. Rfd1 {[%emt 0:02:15]} Qc7 {[%emt 0:00:12]} 13. d4 {[%emt 0:04:58]} Rc8 {[%emt 0:04:43]} 14. Qb1 {[%emt 0:07:44]} Qb8 {[%emt 0:08:31]} 15. dxc5 {[%emt 0:13:24]} Nxc5 {[%emt 0:01:16]} 16. b4 {[%emt 0:00:44]} Ncd7 {[%emt 0:00:57]} 17. Na4 {[%emt 0:05:44]} Bc6 {[%emt 0:02:06]} 18. Rxc6 {[%emt 0:06:29]} Rxc6 {[%emt 0:00:05]} 19. Ne5 {[%emt 0:01:10]} Rd6 {[%emt 0:13:13]} 20. Rc1 {[%emt 0:00:50]} O-O {[%emt 0:06:10]} 21. Nc4 {[%emt 0:05:11]} Rd5 {[%emt 0:01:40]} 22. Bxf6 {[%emt 0:03:12]} Nxf6 {[%emt 0:03:20]} 23. Bxd5 {[%emt 0:00:35]} Nxd5 {[%emt 0:00:04]} 24. e4 {[%emt 0:00:16]} Nxb4 {[%emt 0:04:15]} 25. Ncxb6 {[%emt 0:03:06]} Rd8 {[%emt 0:01:19]} 26. Rc3 {[%emt 0:07:02]} Qb7 {[%emt 0:07:30]} 27. Rb3 {[%emt 0:01:50]} Rd4 {[%emt 0:09:30]} 28. a3 {[%emt 0:00:43]} Nc6 {[%emt 0:00:02]} 29. Nd5 {[%emt 0:01:03]} Qd7 {[%emt 0:02:15]} 30. Rb7 {[%emt 0:00:53]} Qe8 {[%emt 0:00:27]} 31. Nxe7+ {[%emt 0:01:26]} Nxe7 {[%emt 0:00:05]} 32. Nc5 {[%emt 0:01:02]} Nc6 {[%emt 0:01:29]} 33. Qb6 {[%emt 0:00:46]} e5 {[%emt 0:03:09]} 34. Kg2 {[%emt 0:00:35]} h5 {[%emt 0:00:27]} 35. h4 {[%emt 0:00:44]} Kh7 {[%emt 0:02:10]} 36. Qxa6 {[%emt 0:00:30]} Ne7 {[%emt 0:00:28]} 37. Qb5 {[%emt 0:00:24]} Qd8 {[%emt 0:00:33]} 38. Qb6 {[%emt 0:00:07]} Qe8 {[%emt 0:00:54]} 39. Qc7 {[%emt 0:00:12]} Nc6 {[%emt 0:01:03]} 40. Qxf7 {[%emt 0:00:00]} Qxf7 {[%emt 0:00:00]} 41. Rxf7 {[%emt 0:01:20]} Rc4 {[%emt 0:01:13]} 42. Ne6 {[%emt 0:02:40]} Kg6 {[%emt 0:00:29]} 43. Rc7 {[%emt 0:01:23]} Kf6 {[%emt 0:01:02]} 44. Nxg7 {[%emt 0:01:38]} Rxe4 {[%emt 0:02:10]} 45. Ne8+ {[%emt 0:01:42]} 1-0

[Event "ROU-chT Women Superliga 2018"]
[Site "Sovata"]
[Date "2018.11.25"]
[Round "1"]
[White "Sgircea, Silvia-Raluca"]
[Black "Bulmaga, Irina"]
[Result "1-0"]
[WhiteElo "2259"]
[BlackElo "2386"]
[Annotator "NA"]
[PlyCount "107"]
[EventDate "2018.11.24"]
[EventType "team-tourn"]
[EventCountry "ROU"]
[SourceTitle "playchess.com"]
[Source "ChessBase"]
[SourceQuality "1"]
[TimeControl "40/5400+30:1800+30"]

1. c4 {[%emt 0:00:00]} Nf6 {[%emt 0:00:00]} 2. Nf3 {[%emt 0:00:29]} e6 {[%emt 0:00:00]} 3. Nc3 {[%emt 0:00:17]} d5 {[%emt 0:00:00]} 4. e3 {[%emt 0:00:11]} b6 {[%emt 0:00:15]} 5. b3 {[%emt 0:00:14]} Bb7 {[%emt 0:00:13]} 6. Bb2 {[%emt 0:00:05]} a6 {[%emt 0:00:23]} 7. d4 {[%emt 0:01:12]} Bd6 {[%emt 0:00:22]} 8. Bd3 {[%emt 0:00:22]} Nbd7 {[%emt 0:00:25]} 9. Qc2 {[%emt 0:02:59]} O-O {[%emt 0:02:47]} 10. O-O {[%emt 0:00:26]} dxc4 {[%emt 0:01:04]} 11. bxc4 {[%emt 0:00:47]} Bxf3 {[%emt 0:01:11]} 12. gxf3 {[%emt 0:00:06]} c5 {[%emt 0:03:46]} 13. d5 {[%emt 0:01:25]} exd5 {[%emt 0:08:54]} 14. cxd5 {[%emt 0:01:00]} b5 {[%emt 0:00:40]} 15. Ne4 {[%emt 0:01:37]} Nxe4 {[%emt 0:02:17]} 16. fxe4 {[%emt 0:01:38]} c4 {[%emt 0:14:06]} 17. Be2 {[%emt 0:00:24]} Qe7 {[%emt 0:00:24]} 18. f4 {[%emt 0:12:57]} f6 {[%emt 0:03:18]} 19. Bd4 {[%emt 0:30:18]} Nc5 {[%emt 0:02:58]} 20. Bf3 {[%emt 0:02:11]} Rae8 {[%emt 0:02:59]} 21. Bxc5 {[%emt 0:02:47]} Bxc5 {[%emt 0:00:02]} 22. Rae1 {[%emt 0:01:01]} Qa7 {[%emt 0:02:55]} 23. Bg4 {[%emt 0:12:34]} f5 {[%emt 0:12:26]} 24. Bxf5 {[%emt 0:02:02]} Rxf5 {[%emt 0:00:40]} 25. exf5 {[%emt 0:00:19]} Rxe3 {[%emt 0:00:38]} 26. Kh1 {[%emt 0:09:11]} Qe7 {[%emt 0:01:56]} 27. Rxe3 {[%emt 0:03:16]} Qxe3 {[%emt 0:00:29]} 28. Qg2 {[%emt 0:00:06]} Qe7 {[%emt 0:06:19]} 29. f6 Qxf6 {[%emt 0:01:41]} 30. Qe4 {[%emt 0:04:16]} Qe7 {[%emt 0:07:36]} 31. Qxe7 {[%emt 0:01:49]} Bxe7 {[%emt 0:00:02]} 32. Kg2 {[%emt 0:00:05]} a5 {[%emt 0:10:27]} 33. Re1 {[%emt 0:06:16]} Kf7 {[%emt 0:01:46]} 34. Re6 {[%emt 0:02:08]} b4 {[%emt 0:01:14]} 35. Rb6 {[%emt 0:01:49]} a4 {[%emt 0:02:56]} 36. d6 {[%emt 0:00:55]} Bxd6 {[%emt 0:10:07]} 37. Rxd6 {[%emt 0:00:14]} a3 {[%emt 0:00:13]} 38. Rd4 {[%emt 0:00:55]} b3 {[%emt 0:00:14]} 39. Rxc4 {[%emt 0:00:07]} b2 {[%emt 0:00:08]} 40. Rb4 {[%emt 0:00:00]} Kg6 {[%emt 0:00:00]} 41. Rb5 {[%emt 0:02:17]} Kf6 {[%emt 0:02:06]} 42. Kf3 {[%emt 0:00:07]} h6 {[%emt 0:00:15]} 43. Ke4 {[%emt 0:00:32]} Ke6 {[%emt 0:03:20]} 44. Rb6+ {[%emt 0:00:32]} Kd7 {[%emt 0:00:26]} 45. Kf5 {[%emt 0:00:28]} Kc7 {[%emt 0:00:17]} 46. Rb3 {[%emt 0:00:51]} Kd6 {[%emt 0:00:49]} 47. h4 {[%emt 0:02:39]} Kd5 {[%emt 0:01:33]} 48. h5 {[%emt 0:00:13]} Kd4 {[%emt 0:00:31]} 49. Kg6 {[%emt 0:00:08]} Ke4 {[%emt 0:00:01]} 50. Kxg7 {[%emt 0:00:09]} Kf5 {[%emt 0:01:04]} 51. Kxh6 {[%emt 0:00:14]} Kf6 {[%emt 0:00:14]} 52. Kh7 {[%emt 0:00:07]} Kf7 {[%emt 0:00:16]} 53. h6 {[%emt 0:00:07]} Kf6 {[%emt 0:00:27]} 54. Kg8 {[%emt 0:00:06]} 1-0

[Event "ROU-chT Women Superliga 2018"]
[Site "Sovata"]
[Date "2018.11.25"]
[Round "1"]
[White "Ionica, Iulia-Ionela"]
[Black "Cosma, Elena-Luminita"]
[Result "1/2-1/2"]
[WhiteElo "2139"]
[BlackElo "2338"]
[Annotator "NA"]
[PlyCount "84"]
[EventDate "2018.11.24"]
[EventType "team-tourn"]
[EventCountry "ROU"]
[SourceTitle "playchess.com"]
[Source "ChessBase"]
[SourceQuality "1"]
[TimeControl "40/5400+30:1800+30"]

1. e4 {[%emt 0:00:00]} e6 {[%emt 0:00:00]} 2. d4 {[%emt 0:00:03]} d5 {[%emt 0:00:00]} 3. exd5 {[%emt 0:00:37]} exd5 {[%emt 0:00:00]} 4. Nf3 {[%emt 0:00:45]} Nc6 {[%emt 0:02:04]} 5. h3 {[%emt 0:02:07]} Nf6 {[%emt 0:03:31]} 6. Be2 {[%emt 0:03:48]} Bd6 {[%emt 0:00:43]} 7. O-O {[%emt 0:00:40]} O-O {[%emt 0:00:41]} 8. c4 {[%emt 0:04:39]} dxc4 {[%emt 0:06:11]} 9. Bxc4 {[%emt 0:00:22]} Bf5 {[%emt 0:01:31]} 10. Bg5 {[%emt 0:08:02]} h6 {[%emt 0:01:21]} 11. Be3 {[%emt 0:18:07]} a6 {[%emt 0:06:01]} 12. Nc3 {[%emt 0:13:06]} Qd7 {[%emt 0:05:18]} 13. Re1 {[%emt 0:00:21]} Rae8 {[%emt 0:07:17]} 14. a3 {[%emt 0:03:33]} Re7 {[%emt 0:05:24]} 15. Bd3 {[%emt 0:08:48]} Rd8 {[%emt 0:07:55]} 16. Bxf5 {[%emt 0:01:47]} Qxf5 {[%emt 0:00:07]} 17. Qb3 {[%emt 0:00:53]} b5 {[%emt 0:06:24]} 18. Rac1 {[%emt 0:05:41]} Na5 {[%emt 0:01:15]} 19. Qc2 {[%emt 0:02:33]} Qxc2 {[%emt 0:01:04]} 20. Rxc2 {[%emt 0:00:07]} Rde8 {[%emt 0:01:17]} 21. Rd1 {[%emt 0:08:41]} Nc4 {[%emt 0:07:39]} 22. Bc1 {[%emt 0:00:56]} Nb6 {[%emt 0:04:27]} 23. Kf1 {[%emt 0:03:53]} Ne4 {[%emt 0:04:27]} 24. Re1 {[%emt 0:02:53]} Nxc3 {[%emt 0:01:43]} 25. Rxe7 {[%emt 0:00:19]} Rxe7 {[%emt 0:00:59]} 26. Rxc3 {[%emt 0:00:05]} f6 {[%emt 0:05:21]} 27. Re3 {[%emt 0:02:37]} Kf7 {[%emt 0:00:38]} 28. Rxe7+ {[%emt 0:03:20]} Kxe7 {[%emt 0:00:27]} 29. Ke2 {[%emt 0:00:11]} Nd5 {[%emt 0:05:25]} 30. g3 {[%emt 0:01:10]} Ke6 {[%emt 0:01:01]} 31. Kd3 {[%emt 0:00:06]} g5 {[%emt 0:01:30]} 32. Nd2 {[%emt 0:02:44]} h5 {[%emt 0:01:49]} 33. Ne4 {[%emt 0:01:05]} g4 {[%emt 0:02:46]} 34. hxg4 {[%emt 0:00:41]} hxg4 {[%emt 0:00:07]} 35. Nxd6 {[%emt 0:01:13]} Kxd6 {[%emt 0:05:04]} 36. Ke4 {[%emt 0:00:21]} Ke6 {[%emt 0:00:15]} 37. Bd2 {[%emt 0:00:25]} c6 {[%emt 0:01:21]} 38. Ba5 {[%emt 0:01:27]} f5+ {[%emt 0:01:22]} 39. Kd3 {[%emt 0:00:02]} Ne7 {[%emt 0:01:42]} 40. b3 {[%emt 0:00:00]} Nd5 {[%emt 0:00:00]} 41. Bd2 {[%emt 0:07:57]} Nf6 {[%emt 0:04:32]} 42. Ke3 {[%emt 0:07:02]} Nd5+ {[%emt 0:12:45]} 1/2-1/2

[Event "ROU-chT Women Superliga 2018"]
[Site "Sovata"]
[Date "2018.11.25"]
[Round "1"]
[White "Marin, Irina-Luiza"]
[Black "Yugina, Maria"]
[Result "1/2-1/2"]
[WhiteElo "2032"]
[BlackElo "2129"]
[Annotator "NA"]
[PlyCount "97"]
[EventDate "2018.11.24"]
[EventType "team-tourn"]
[EventCountry "ROU"]
[SourceTitle "playchess.com"]
[Source "ChessBase"]
[SourceQuality "1"]
[TimeControl "40/5400+30:1800+30"]

1. c4 {[%emt 0:00:00]} b6 {[%emt 0:00:08]} 2. g3 {[%emt 0:00:33]} Bb7 {[%emt 0:00:54]} 3. Nf3 {[%emt 0:00:09]} e6 {[%emt 0:00:35]} 4. Bg2 {[%emt 0:00:18]} f5 {[%emt 0:01:34]} 5. O-O {[%emt 0:01:04]} Nf6 {[%emt 0:00:56]} 6. d3 {[%emt 0:01:27]} Be7 {[%emt 0:06:03]} 7. Nc3 {[%emt 0:01:29]} O-O {[%emt 0:02:21]} 8. Re1 {[%emt 0:03:47]} Nc6 {[%emt 0:17:03]} 9. Nd4 {[%emt 0:20:20]} Na5 {[%emt 0:12:20]} 10. Bf4 {[%emt 0:21:50]} Bxg2 {[%emt 0:17:47]} 11. Kxg2 {[%emt 0:00:08]} Nh5 {[%emt 0:02:04]} 12. Bd2 {[%emt 0:06:43]} Nf6 {[%emt 0:13:02]} 13. Rc1 {[%emt 0:05:51]} Bc5 {[%emt 0:03:54]} 14. Nf3 {[%emt 0:01:07]} Nc6 {[%emt 0:00:08]} 15. Bf4 {[%emt 0:05:21]} Bb4 {[%emt 0:08:27]} 16. e4 {[%emt 0:04:06]} Bxc3 {[%emt 0:03:55]} 17. Rxc3 {[%emt 0:00:20]} d6 {[%emt 0:00:07]} 18. e5 {[%emt 0:05:53]} dxe5 {[%emt 0:00:19]} 19. Nxe5 {[%emt 0:00:24]} Nd4 {[%emt 0:00:51]} 20. Nf3 {[%emt 0:04:15]} Nxf3 {[%emt 0:00:55]} 21. Qxf3 {[%emt 0:00:12]} Re8 {[%emt 0:00:41]} 22. Qc6 {[%emt 0:01:44]} Nh5 {[%emt 0:03:40]} 23. Qxc7 {[%emt 0:01:02]} Nxf4+ {[%emt 0:00:51]} 24. Qxf4 {[%emt 0:00:08]} Qd7 {[%emt 0:00:13]} 25. Re3 {[%emt 0:04:43]} Rad8 {[%emt 0:00:17]} 26. Rc2 {[%emt 0:00:57]} Qc6+ {[%emt 0:00:47]} 27. Qf3 {[%emt 0:00:49]} Rd6 {[%emt 0:01:05]} 28. Qxc6 {[%emt 0:01:04]} Rxc6 {[%emt 0:00:04]} 29. d4 {[%emt 0:00:26]} Rd8 {[%emt 0:00:19]} 30. Rd3 {[%emt 0:00:10]} Rcd6 {[%emt 0:01:07]} 31. Rcd2 {[%emt 0:00:13]} a5 {[%emt 0:00:30]} 32. b3 {[%emt 0:00:27]} Kf7 {[%emt 0:00:06]} 33. f4 {[%emt 0:00:49]} h6 {[%emt 0:00:09]} 34. h4 {[%emt 0:00:59]} g6 {[%emt 0:00:20]} 35. Kf3 {[%emt 0:00:23]} Kf6 {[%emt 0:00:13]} 36. Ke3 {[%emt 0:01:01]} g5 {[%emt 0:00:35]} 37. hxg5+ {[%emt 0:00:42]} hxg5 {[%emt 0:00:05]} 38. a3 {[%emt 0:01:49]} gxf4+ {[%emt 0:00:10]} 39. Kxf4 {[%emt 0:01:52]} Rg8 {[%emt 0:01:31]} 40. b4 {[%emt 0:00:00]} axb4 {[%emt 0:00:00]} 41. axb4 {[%emt 0:00:35]} Rg4+ {[%emt 0:00:57]} 42. Kf3 {[%emt 0:00:11]} Ke7 {[%emt 0:02:13]} 43. b5 {[%emt 0:13:00]} Rd8 {[%emt 0:19:59]} 44. Ke2 {[%emt 0:05:50]} Rc8 {[%emt 0:01:17]} 45. Rc3 {[%emt 0:02:08]} Rd8 {[%emt 0:01:23]} 46. c5 {[%emt 0:07:03]} Re4+ {[%emt 0:01:02]} 47. Kf3 {[%emt 0:00:59]} bxc5 {[%emt 0:00:26]} 48. Rxc5 {[%emt 0:03:20]} Rexd4 {[%emt 0:00:00]} 49. Rxd4 1/2-1/2

[Event "ROU-chT Women Superliga 2018"]
[Site "Sovata"]
[Date "2018.11.25"]
[Round "1"]
[White "Rendi, Eva"]
[Black "Didiliuc, Dariana-Gabriela"]
[Result "1-0"]
[WhiteElo "2015"]
[BlackElo "1784"]
[Annotator "NA"]
[PlyCount "109"]
[EventDate "2018.11.24"]
[EventType "team-tourn"]
[EventCountry "ROU"]
[SourceTitle "playchess.com"]
[Source "ChessBase"]
[SourceQuality "1"]
[TimeControl "40/5400+30:1800+30"]

1. e4 {[%emt 0:00:00]} e6 {[%emt 0:06:50]} 2. d4 {[%emt 0:00:20]} d5 {[%emt 0:00:18]} 3. Nc3 {[%emt 0:02:06]} Bb4 {[%emt 0:01:36]} 4. exd5 {[%emt 0:06:24]} exd5 {[%emt 0:00:09]} 5. Bd3 {[%emt 0:01:40]} Nc6 {[%emt 0:00:34]} 6. a3 {[%emt 0:05:16]} Be7 {[%emt 0:08:12]} 7. Be3 {[%emt 0:05:25]} Be6 {[%emt 0:05:16]} 8. Nge2 {[%emt 0:04:02]} Qd7 {[%emt 0:03:17]} 9. Nf4 {[%emt 0:08:12]} O-O-O {[%emt 0:10:52]} 10. Qd2 {[%emt 0:13:49]} g6 {[%emt 0:04:55]} 11. b4 {[%emt 0:08:19]} Bf6 {[%emt 0:04:29]} 12. Nxe6 {[%emt 0:06:46]} Qxe6 {[%emt 0:02:44]} 13. Be2 {[%emt 0:00:50]} Nge7 {[%emt 0:05:10]} 14. b5 {[%emt 0:05:43]} Na5 {[%emt 0:02:15]} 15. Na4 {[%emt 0:04:22]} b6 {[%emt 0:02:37]} 16. Nc5 {[%emt 0:12:43]} bxc5 {[%emt 0:08:53]} 17. Qxa5 {[%emt 0:02:10]} cxd4 {[%emt 0:03:29]} 18. Bf4 {[%emt 0:04:01]} Be5 {[%emt 0:01:40]} 19. b6 {[%emt 0:02:04]} axb6 {[%emt 0:00:30]} 20. Qa6+ {[%emt 0:01:01]} Kd7 {[%emt 0:00:28]} 21. Bxe5 {[%emt 0:00:55]} Qxe5 {[%emt 0:00:21]} 22. O-O {[%emt 0:00:16]} Ke6 {[%emt 0:03:21]} 23. Rae1 {[%emt 0:01:10]} Kf6 {[%emt 0:00:12]} 24. f4 {[%emt 0:01:04]} Qd6 {[%emt 0:01:20]} 25. f5 {[%emt 0:00:43]} g5 {[%emt 0:02:23]} 26. Qd3 {[%emt 0:00:19]} c5 {[%emt 0:00:25]} 27. Qh3 {[%emt 0:00:25]} h6 {[%emt 0:01:19]} 28. Bh5 {[%emt 0:01:19]} Nc8 {[%emt 0:16:06]} 29. Re6+ {[%emt 0:01:03]} fxe6 {[%emt 0:00:44]} 30. fxe6+ {[%emt 0:00:03]} Kg7 {[%emt 0:00:30]} 31. Qf5 {[%emt 0:00:50]} Rh7 {[%emt 0:01:45]} 32. Qf6+ {[%emt 0:00:40]} Kg8 {[%emt 0:00:09]} 33. Bf7+ {[%emt 0:00:15]} Kf8 {[%emt 0:02:30]} 34. Bg6+ {[%emt 0:00:38]} Kg8 {[%emt 0:00:06]} 35. Bxh7+ {[%emt 0:00:36]} Kxh7 {[%emt 0:00:06]} 36. Qf7+ {[%emt 0:00:13]} Kh8 {[%emt 0:00:09]} 37. Rf6 {[%emt 0:00:40]} Qf8 {[%emt 0:00:46]} 38. Qxf8+ {[%emt 0:00:30]} Rxf8 {[%emt 0:00:04]} 39. Rxf8+ {[%emt 0:00:08]} Kg7 {[%emt 0:00:03]} 40. Rxc8 {[%emt 0:00:00]} Kf6 {[%emt 0:00:00]} 41. Rc6 {[%emt 0:01:02]} c4 {[%emt 0:00:42]} 42. Rxb6 {[%emt 0:00:43]} d3 {[%emt 0:00:07]} 43. cxd3 {[%emt 0:00:18]} cxd3 {[%emt 0:00:07]} 44. Kf2 {[%emt 0:00:07]} d4 {[%emt 0:00:06]} 45. Ke1 {[%emt 0:00:17]} Ke7 {[%emt 0:00:05]} 46. Kd2 {[%emt 0:00:06]} h5 {[%emt 0:00:04]} 47. Kxd3 {[%emt 0:00:13]} g4 {[%emt 0:00:04]} 48. Kxd4 {[%emt 0:00:05]} h4 {[%emt 0:00:03]} 49. Ke5 {[%emt 0:00:07]} g3 {[%emt 0:00:08]} 50. Rb7+ {[%emt 0:00:06]} Kd8 {[%emt 0:00:05]} 51. Kd6 {[%emt 0:00:28]} Kc8 {[%emt 0:00:05]} 52. Rc7+ {[%emt 0:00:09]} Kd8 {[%emt 0:00:05]} 53. e7+ {[%emt 0:00:08]} Ke8 {[%emt 0:00:03]} 54. Ke6 {[%emt 0:00:06]} gxh2 {[%emt 0:00:03]} 55. Rc8# 1-0